000
00300nam a2200145Ia 4500
100
_a
Tager/A
650
_a
Chemistry
942
_c
BK
654
_a
polymers
245
_a
Physical Chmistry of Polymers
260
_b
Mir Publishers
_c
2001
082
_a
547.8
300
_a
558
546
_a
ENGLISH
999
_c
28191
_d
28191